Libertad y gobierno : el origen, florecimiento y declinación de un famoso concepto jurídico /

Bibliographic Details
Main Author: Corwin, Edward S. (Edward Samuel), 1878-1963 (Author)
Other Authors: De Benedetti, Wefley (Translator)
Format: Electronic eBook
Language:Spanish
English
Published: Santiago de Chile : Ediciones Olejnik, 2022.
Series:Biblioteca de filosofía del derecho.
Subjects:
Online Access:Digitalia Hispánica

MARC

LEADER 00000nam a2200000 i 4500
001 DIGOLEJNK1236
003 NyNyDIG
007 cr |||||||||||
008 250408s2022 cl ob 000 0 spa d
006 m o d
035 |a (OCoLC)1514492049 
040 |a DGITA  |b eng  |e rda  |e pn  |c DGITA 
020 |z 9789564071169 
041 1 |a spa  |h eng 
043 |a n-us--- 
050 1 4 |a JC599.U5 ebook 
100 1 |a Corwin, Edward S.  |q (Edward Samuel),  |d 1878-1963,  |e author. 
240 1 0 |a Liberty against government.  |l Spanish  |s (De Benedetti) 
245 1 0 |a Libertad y gobierno :  |b el origen, florecimiento y declinación de un famoso concepto jurídico /  |c Edward S. Corwin ; traducción Wefley De Benedetti. 
264 1 |a Santiago de Chile :  |b Ediciones Olejnik,  |c 2022. 
300 |a 1 online resource. 
336 |a text  |b txt  |2 rdacontent 
337 |a computer  |b c  |2 rdamedia 
338 |a online resource  |b cr  |2 rdacarrier 
347 |a text file  |2 rdaft 
347 |b PDF 
490 1 |a Biblioteca de filosofía del derecho 
504 |a Includes bibliographical references. 
588 0 |a Online resource; title from PDF title page (Digitalia, viewed April 8, 2025) 
650 0 |a Liberty. 
650 0 |a Civil rights  |z United States. 
650 0 |a Constitutional history  |z United States. 
700 1 |a De Benedetti, Wefley,  |e translator. 
700 1 |i Translation of:  |a Corwin, Edward S.  |q (Edward Samuel),  |d 1878-1963.  |t Liberty against government. 
791 2 |a Digitalia (Firm),  |e distributor. 
793 0 |g Digitalia eBook Collection:  |a Ediciones Olejnik 
776 0 8 |i Print version:  |a Corwin, Edward S. (Edward Samuel), 1878-1963.  |s Liberty against government. Spanish (De Benedetti).  |t Libertad y gobierno.  |d Santiago de Chile : Ediciones Olejnik, [2022]  |z 9789564071169 
830 0 |a Biblioteca de filosofía del derecho. 
856 4 0 |3 Digitalia Hispánica  |u https://www.digitaliapublishing.com/a/157742/ 
910 |a Premium collection: 2025